000 00467nam a2200181Ia 4500
005 20250326144034.0
008 250326s9999 xx 000 0 und d
037 _aTextbook
040 _aFMSL
_beng
_cFMSL
041 _aeng
_2eng
084 _aX P5
_qFMSL
100 _aLevitt S D
_9748945
245 0 _aFreakonomics
_cLevitt S D; Dubner S J
260 _aNY
_bNY, HarperTorch
_c2006
365 _b329
942 _cTB
_hX P5
999 _c1302110
_d1302110